| 000 | 01538nam a22002417a 4500 | ||
|---|---|---|---|
| 999 |
_c1076 _d1076 |
||
| 003 | AR-CdUCM | ||
| 008 | 190226b ||||| |||| 00| 0 spa d | ||
| 040 |
_aMUNICIPALIDAD PROVINCIAL DEL CUSCO _cBIBLIOTECA MUNICIPAL DEL CUSCO |
||
| 082 |
_a338.98 / _bC35 |
||
| 100 |
_aCastro, Josué de _94197 |
||
| 245 |
_a¿Adonde va la América Latina? : _bdinámica del desarrollo, cambios y resistencias sociales / |
||
| 260 |
_aLima : _bLatinoamericana, _c1966. |
||
| 300 |
_a187 páginas ; _c20.5 cm |
||
| 500 | _aPrólogo de Cnstantino Urday González. | ||
| 505 | _aContenido: Primera conferencia: La dinámica del desarrollo en América Latina. Cambios y resistencias sociales. El hambre y el sub-desarrollo en América Latina. El hambre como experiencia biológica del fenómeno económico del subdesarrollo -- Segunda conferencia: Unidad y diversidad en América Latina. Las raíces sociológicas de América Latina. La colonización Ibérica y las independencias ficticias -- Tercera conferencia: El deseo de emancipación económica y la lucha contra el neocolonialismo. El problema crítico de las Reformas Agrarias. El comercio exterior y el problema de los productos de base. La alianza para el progreso y cooperación internacional ¿Adonde va la América Latina?... | ||
| 650 |
_aDesarrollo económico - América Latina _94198 |
||
| 650 |
_aConferencias _9376 |
||
| 650 |
_aEnsayos _9375 |
||
| 650 |
_aDesarrollo social - América Latina _94199 |
||
| 650 |
_aSiglo XX _98 |
||
| 942 |
_2ddc _cLIBROS |
||
| 945 |
_alccs _d2019-02-26 |
||